[Event "Challenge"]
[Site "http://www.queenalice.com/game.php?id=157305"]
[Date "2007.1.22"]
[Round "-"]
[White "technicaldraw"]
[Black "zmeyko"]
[Result "1-0"]
[WhiteElo "2042"]
[BlackElo "1993"]

1. e4 e5 2. Nf3 Nc6 3. Bb5 a6 4. Ba4 Nf6 5. O-O Be7 6. Re1 b5 7. Bb3 d6 8. c3
O-O 9. h3 Na5 10. Bc2 c5 11. d4 Qc7 12. Nbd2 cxd4 13. cxd4 Nc6 14. d5 Nb4 15.
Bb1 a5 16. a3 Na6 17. Nf1 h6 18. Ng3 a4 19. Bd3 Qb7 20. Nh4 Nc5 21. Nhf5 Rb8 22.
Bxb5 Bxf5 23. Nxf5 Bd8 24. Bc6 Qa7 25. Nxd6 Be7 26. Nb5 Rxb5 27. Bxb5 Ncxe4 28.
Be3 Bc5 29. Qxa4 Bxe3 30. Rxe3 Qc5 31. Rxe4 Nxe4 32. Qxe4 Qxb5 33. Qxe5 Re8 34.
Qd4 Qa5 35. d6 1-0

[Event "Challenge"]
[Site "http://www.queenalice.com/game.php?id=157503"]
[Date "2007.1.22"]
[Round "-"]
[White "zmeyko"]
[Black "technicaldraw"]
[Result "1-0"]
[WhiteElo "1933"]
[BlackElo "2074"]

1. e4 c6 2. d4 d5 3. Nc3 dxe4 4. Nxe4 Bf5 5. Ng3 Bg6 6. h4 h6 7. Nf3 Nd7 8. h5
Bh7 9. Bd3 Bxd3 10. Qxd3 e6 11. Bf4 Ngf6 12. O-O-O Nd5 13. Bd2 Qc7 14. Ne4 N7f6
15. c4 Nxe4 16. Qxe4 Nf6 17. Qc2 Bd6 18. Rde1 Bf4 19. Ne5 Bxd2+ 20. Qxd2 O-O 21.
g4 Nd7 22. f4 Rad8 23. g5 Nxe5 24. fxe5 1-0

[Event "Challenge"]
[Site "http://www.queenalice.com/game.php?id=162995"]
[Date "2007.2.3"]
[Round "-"]
[White "toldowisk"]
[Black "zmeyko"]
[Result "1-0"]
[WhiteElo "1924"]
[BlackElo "1858"]

1. c4 b6 2. Nc3 e6 3. d4 Bb7 4. e4 Bb4 5. a3 Be7 6. Qd3 d6 7. Nf3 Nf6 8. Be2 O-O
9. O-O Nbd7 10. b4 c5 11. bxc5 dxc5 12. d5 exd5 13. exd5 Bd6 14. Bb2 Ne5 15.
Nxe5 Bxe5 16. Rfd1 Qe8 17. Qd2 Rd8 18. Bf3 Ba6 19. Be2 Rd6 20. a4 Bxc3 21. Bxc3
Ne4 22. Qf4 Nxc3 23. Qxd6 Nxe2+ 24. Kh1 Bxc4 25. Qc7 Qb8 26. d6 Qxc7 27. dxc7
Nd4 28. Rac1 Be6 29. a5 Rc8 30. axb6 axb6 31. Rb1 Rxc7 32. Rxb6 Rc8 33. Rd6 Bb3
34. Rc1 Ne6 35. Rb6 Bd5 36. Rd6 Bb3 37. Rb6 Nd4 38. Rxc5 Re8 39. Rc1 1-0

[Event "Challenge"]
[Site "http://www.queenalice.com/game.php?id=166511"]
[Date "2007.2.10"]
[Round "-"]
[White "mgv"]
[Black "zmeyko"]
[Result "1-0"]
[WhiteElo "2069"]
[BlackElo "1958"]

1. e4 c5 2. Nf3 d6 3. d4 cxd4 4. Nxd4 Nc6 5. Nc3 e5 6. Nb3 Be7 7. Bc4 Nf6 8. Bg5
h6 9. Bxf6 Bxf6 10. Nd5 O-O 11. Nxf6+ Qxf6 12. Qd2 Qg6 13. f3 Be6 14. Bxe6 Qxe6
15. O-O-O Rfd8 16. Qd5 Qxd5 17. Rxd5 Rd7 18. Rhd1 Rad8 19. Nc5 Rc7 20. Rxd6 Rxd6
21. Rxd6 Nd4 22. Nd3 Rxc2+ 23. Kd1 f6 24. Rxd4 Rxg2 25. Rd7 1-0

[Event "First Game"]
[Site "http://www.queenalice.com/game.php?id=169619"]
[Date "2007.2.16"]
[Round "-"]
[White "zmeyko"]
[Black "Sidinei"]
[Result "0-1"]
[WhiteElo "1896"]
[BlackElo "2126"]

1. d4 Nf6 2. c4 g6 3. Nf3 Bg7 4. Nc3 d5 5. cxd5 Nxd5 6. g3 O-O 7. Bg2 Nc6 8. e4
Nb6 9. d5 Na5 10. O-O c6 11. Bf4 cxd5 12. exd5 Nac4 13. Qe2 Nxb2 14. Qxb2 Na4
15. Nxa4 Bxb2 16. Nxb2 Qxd5 17. Rfe1 Qb5 18. Rab1 Rd8 19. Nd2 Bf5 20. Be4 Bxe4
21. Nxe4 Rac8 22. a4 Qa5 23. Rbd1 Rxd1 24. Rxd1 Qb4 0-1

[Event "Challenge"]
[Site "http://www.queenalice.com/game.php?id=170424"]
[Date "2007.2.18"]
[Round "-"]
[White "moonspell"]
[Black "zmeyko"]
[Result "1-0"]
[WhiteElo "1933"]
[BlackElo "1882"]

1. d4 Nf6 2. Nf3 e6 3. e3 b6 4. Bd3 c5 5. b3 Bb7 6. Bb2 Be7 7. Nbd2 O-O 8. O-O
Nc6 9. a3 d5 10. Ne5 Nxe5 11. dxe5 Nd7 12. f4 f5 13. Qh5 g6 14. Qh3 Qc8 15. c4
Qc6 16. Nf3 Rf7 17. Rfd1 Nb8 18. Rac1 Na6 19. cxd5 Qxd5 20. Bxa6 Qxb3 21. Bxb7
Rb8 22. Ba6 Qxb2 23. Bc4 Qxa3 24. Bxe6 Qxe3+ 25. Kh1 Rf8 26. Ng5 Qxh3 27. Nxh3
Kg7 28. Bxf7 Rxf7 29. Rd7 Bf8 30. e6 1-0

[Event "OMG He killed Kenny"]
[Site "http://www.queenalice.com/game.php?id=228722"]
[Date "2007.6.22"]
[Round "-"]
[White "zmeyko"]
[Black "pawn_buzzard"]
[Result "1-0"]
[WhiteElo "1835"]
[BlackElo "1758"]

1. d4 Nf6 2. c4 d5 3. Nf3 dxc4 4. e3 b5 5. a4 c6 6. b3 Qd5 7. Nc3 Qe6 8. axb5
Nd5 9. Nxd5 cxd5 10. bxc4 dxc4 11. Qa4 c3 12. b6+ Bd7 13. b7 Qc6 14. Qxc6 Bxc6
15. bxa8=Q Bxa8 16. Rxa7 Bxf3 17. gxf3 e6 18. Ra8 Bd6 19. Ba3 Ke7 20. Bd3 Bxa3
21. Rxa3 Rc8 22. Ke2 f5 23. Rc1 1-0

[Event "Let's Play Chess!"]
[Site "http://www.queenalice.com/game.php?id=235806"]
[Date "2007.7.7"]
[Round "-"]
[White "zmeyko"]
[Black "ChrisDavison102"]
[Result "1-0"]
[WhiteElo "1841"]
[BlackElo "1944"]

1. d4 Nf6 2. c4 g6 3. Nc3 d5 4. Nf3 c6 5. cxd5 cxd5 6. Bf4 Nc6 7. e3 Bg7 8. h3
O-O 9. Bd3 Nb4 10. Bb5 Bf5 11. Rc1 a6 12. Be2 Nc6 13. O-O Rc8 14. Bd3 Bxd3 15.
Qxd3 h6 16. Ne5 Nxe5 17. Bxe5 Kh7 18. Rc2 b5 19. Rfc1 e6 20. g4 Nd7 21. Bd6 Rg8
22. a3 Bf8 23. Bg3 Be7 24. Kg2 Nb6 25. Nb1 Rxc2 26. Rxc2 Nc4 27. Nd2 Nxd2 28.
Qxd2 Qd7 29. Rc7 Qd8 30. Qc3 Kg7 31. Qc6 Rf8 32. Ra7 Bf6 33. Rxa6 Qc8 34. Qxb5
Qc2 35. Rc6 Qd2 36. Qb3 Rh8 37. Rc2 Qa5 38. Qc3 Qxc3 39. Rxc3 Rb8 40. Bxb8 1-0

[Event "Challenge"]
[Site "http://www.queenalice.com/game.php?id=241137"]
[Date "2007.7.17"]
[Round "-"]
[White "umom_ne_poniat"]
[Black "zmeyko"]
[Result "1-0"]
[WhiteElo "2017"]
[BlackElo "1855"]

1. e4 e6 2. d4 d5 3. Bd3 c5 4. exd5 exd5 5. Be3 c4 6. Be2 Bd6 7. c3 Be6 8. b3 b5
9. a4 Qa5 10. b4 Qb6 11. axb5 Qxb5 12. Nf3 a5 13. O-O a4 14. Ng5 Bd7 15. Bh5 Nh6
16. Nf3 Nf5 17. Re1 O-O 18. Nfd2 g6 19. Bf3 Nxe3 20. Rxe3 Re8 21. Rxe8+ Bxe8 22.
Na3 Qb7 23. Naxc4 Bxb4 24. cxb4 Qxb4 25. Bxd5 Bc6 26. Bxc6 Nxc6 27. d5 Nd4 28.
d6 Nb3 29. Rb1 Rd8 30. Qc2 Rb8 31. Qd3 a3 32. Nxa3 Qxa3 33. Nxb3 Rb6 34. d7 Rd6
35. d8=Q+ 1-0

[Event "Challenge"]
[Site "http://www.queenalice.com/game.php?id=241979"]
[Date "2007.7.18"]
[Round "-"]
[White "KoriaDesevis"]
[Black "zmeyko"]
[Result "1-0"]
[WhiteElo "1947"]
[BlackElo "1841"]

1. c4 Nf6 2. Nc3 e5 3. g3 Bb4 4. Bg2 O-O 5. Nf3 Re8 6. O-O e4 7. Ng5 Bxc3 8.
dxc3 h6 9. Nh3 d6 10. Nf4 Bf5 11. Nd5 Nbd7 12. Bf4 Nh5 13. Be3 c6 14. Nf4 Ndf6
15. Nxh5 Nxh5 16. Qd2 Qf6 17. h3 Be6 18. g4 Bxc4 19. gxh5 Qh4 20. b3 Be6 21.
Qxd6 Qxh5 22. Qg3 Re7 23. Bxa7 b5 24. Bd4 f5 25. Qd6 Rae8 26. Qxc6 Qxe2 27. Rfe1
Qd3 28. Bf1 Qf3 29. Re3 Qh5 30. Be2 Qg5+ 31. Rg3 Qh4 32. Bxg7 Kh7 33. Bd4 Rc8
34. Qxb5 f4 35. Rg2 Bxh3 36. Bf3 Rce8 37. Bxe4+ Rxe4 38. Rg7+ 1-0

[Event "Challenge"]
[Site "http://www.queenalice.com/game.php?id=242259"]
[Date "2007.7.19"]
[Round "-"]
[White "Joe_Boyd"]
[Black "zmeyko"]
[Result "0-1"]
[WhiteElo "1781"]
[BlackElo "1869"]

1. e4 e6 2. d4 d5 3. Nc3 Bb4 4. e5 c5 5. f4 Ne7 6. Be2 a6 7. Bg4 Nbc6 8. Nf3 Qa5
9. Qd3 cxd4 10. Nxd4 Nxd4 11. Qxd4 Nc6 12. Qd3 d4 13. Bd2 dxc3 14. bxc3 Nxe5 15.
Qg3 Nxg4 16. cxb4 Qf5 17. O-O O-O 18. Bc3 Nf6 19. Rae1 b5 20. Re5 Qg6 21. Rg5
Qh6 22. Bxf6 Qxf6 23. h4 Qd4+ 24. Kh2 h6 25. Rg4 Qf6 26. f5 exf5 27. Rgf4 Be6
0-1

[Event "Challenge"]
[Site "http://www.queenalice.com/game.php?id=242260"]
[Date "2007.7.19"]
[Round "-"]
[White "zmeyko"]
[Black "Joe_Boyd"]
[Result "0-1"]
[WhiteElo "1886"]
[BlackElo "1757"]

1. d4 Nf6 2. c4 g6 3. Nc3 d5 4. cxd5 Nxd5 5. e4 Nxc3 6. bxc3 c5 7. Bc4 Bg7 8.
Ne2 cxd4 9. cxd4 Nc6 10. Be3 O-O 11. O-O b6 12. Rc1 Bb7 13. d5 Ne5 14. Bb3 Ng4
15. Bd4 Qd6 16. f4 e5 17. dxe6 fxe6 18. e5 Qe7 19. h3 Nh6 20. Bf2 Rad8 21. Qc2
Ba6 22. Nd4 Bxf1 23. Nxe6 Kh8 24. Nxf8 Rxf8 25. Kxf1 Rxf4 26. e6 Bd4 27. Qc8+
Rf8 28. Rc7 Rxc8 29. Rxe7 Bxf2 30. Kxf2 Nf5 31. Rxa7 Re8 32. Rd7 Ng7 33. Rd6 b5
34. Kf3 Nf5 35. Rd7 Nh4+ 36. Kg3 g5 37. Bd5 h5 38. Kf2 Rf8+ 39. Ke1 Re8 40. g3
Ng6 41. Rb7 Ne7 42. Bb3 Nf5 43. Rxb5 Nd4 44. Rxg5 Nf3+ 45. Kf2 Nxg5 46. g4 hxg4
47. hxg4 Nxe6 48. Ba4 Rf8+ 49. Ke3 Kg7 50. Ke4 Nc5+ 0-1

[Event "Challenge"]
[Site "http://www.queenalice.com/game.php?id=249095"]
[Date "2007.8.1"]
[Round "-"]
[White "furacao2000"]
[Black "zmeyko"]
[Result "1/2-1/2"]
[WhiteElo "1853"]
[BlackElo "1830"]

1. e4 e6 2. d4 d5 3. Nc3 Nf6 4. e5 Nfd7 5. Nb1 c5 6. c3 cxd4 7. cxd4 b6 8. Nc3
Ba6 9. Bxa6 Nxa6 10. Qa4 Qc8 11. Bd2 Be7 12. Rc1 Qb7 13. Nf3 O-O 14. O-O Rac8
15. a3 f6 16. Nb5 fxe5 17. Nxe5 Nxe5 18. dxe5 Rc5 19. Be3 Rcc8 20. Nd6 Bxd6 21.
exd6 Rfd8 22. Bf4 Nc5 23. Qd1 Qd7 24. Qg4 Rc6 25. Rc3 Kf7 26. Rfc1 Rdc8 27. Qh5+
Kg8 28. b4 Ne4 29. Rxc6 Rxc6 30. Rxc6 Qxc6 31. g4 Nxd6 32. Qe5 Nc8 33. h4 Qc2
34. Qxe6+ Kf8 35. Qxd5 Ne7 36. Qa8+ Kf7 37. Qxa7 Qd1+ 38. Kh2 Qxg4 39. Bg3 b5
40. Qc5 Nf5 41. Qd5+ Kg6 42. Qxb5 Nxh4 43. Qc6+ Kh5 44. b5 Nf3+ 45. Kg2 Nh4+ 46.
Kh1 Qd1+ 47. Kh2 Nf3+ 48. Kg2 Ne1+ 49. Kh2 Nf3+ 50. Kg2 Ne1+ 51. Kh3 Qg4+ 52.
Kh2 Nf3+ 53. Kg2 Nh4+ 54. Kh1 Qd1+ 55. Kh2 Nf3+ 1/2-1/2

[Event "Challenge"]
[Site "http://www.queenalice.com/game.php?id=249097"]
[Date "2007.8.1"]
[Round "-"]
[White "zmeyko"]
[Black "furacao2000"]
[Result "1-0"]
[WhiteElo "1804"]
[BlackElo "1853"]

1. d4 Nf6 2. c4 e5 3. dxe5 Ng4 4. Bf4 Bc5 5. e3 Bb4+ 6. Nd2 Nc6 7. Qxg4 Bxd2+ 8.
Kxd2 O-O 9. Bg5 Nxe5 10. Bxd8 Nxg4 11. Bh4 b6 12. Be2 Ne5 13. Nf3 f6 14. Bg3 d6
15. Nxe5 fxe5 16. Bf3 Rb8 17. Bd5+ Kh8 18. Rhf1 Ba6 19. Kc3 Rf6 20. f4 Rbf8 21.
Bh4 Rh6 22. Be7 Re8 23. fxe5 dxe5 24. h4 c6 25. Be4 Re6 26. Rf8+ Rxf8 27. Bxf8
Rf6 28. Be7 Rf7 29. Bb4 c5 30. Ba3 g6 31. Bf3 h5 32. Rd1 Kg7 33. b3 Bc8 34. Bb2
Re7 35. e4 Kf6 36. Rd6+ Re6 37. Rd8 Bb7 38. Rd7 Re7 39. Rd2 g5 40. Bxh5 gxh4 41.
Bf3 Kg5 42. Bc1 Kf6 43. Rd6+ Re6 44. Rxe6+ Kxe6 45. Bg5 a6 46. Bxh4 Kf7 47. Kd3
Kg6 48. Bd8 b5 49. Be7 Bc6 50. Bxc5 Kg5 51. Be3+ Kh4 52. Ke2 bxc4 53. bxc4 a5
54. Kf2 Bd7 55. g3+ Kh3 56. Bh5 Be6 57. Be2 a4 58. a3 Bd7 59. Bh5 Be6 60. c5 Bd7
61. Kf3 Bc6 62. Bg1 Bb5 63. Bg4# 1-0

[Event "AUTO-ADV-641"]
[Site "http://www.queenalice.com/game.php?id=268743"]
[Date "2007.9.8"]
[Round "1"]
[White "zmeyko"]
[Black "dmdagnone"]
[Result "1-0"]
[WhiteElo "1829"]
[BlackElo "1606"]

1. e4 e5 2. d4 exd4 3. c3 dxc3 4. Bc4 cxb2 5. Bxb2 Bb4+ 6. Nc3 d6 7. Qb3 Bxc3+
8. Bxc3 Be6 9. Bxe6 fxe6 10. Bxg7 Qh4 11. Qf3 Nf6 12. Bxh8 Nxe4 13. g3 Qg5 14.
Qxe4 Qa5+ 15. Kf1 e5 16. Qxb7 Qc3 17. Rb1 Qd3+ 18. Ne2 1-0

[Event "AUTO-ADV-641"]
[Site "http://www.queenalice.com/game.php?id=268744"]
[Date "2007.9.8"]
[Round "1"]
[White "dmdagnone"]
[Black "zmeyko"]
[Result "0-1"]
[WhiteElo "1697"]
[BlackElo "1836"]

1. e4 c5 2. Bc4 e6 3. d4 Nc6 4. d5 Na5 5. b3 Nxc4 6. bxc4 Qb6 7. Nc3 g6 8. Bf4
Bg7 9. Rb1 Bxc3+ 10. Bd2 Bxd2+ 11. Qxd2 Qxb1+ 12. Ke2 Ne7 13. Qc3 Rg8 14. a4 d6
15. f4 exd5 16. cxd5 Bg4+ 17. Kf2 Bd1 18. h4 Qxc2+ 19. Qxc2 Bxc2 20. Ke3 Bxa4
21. Ne2 b5 22. Nc3 Kd7 23. g4 Rab8 24. e5 Bb3 25. Ke4 b4 26. Ne2 Bc4 27. Ra1 Ra8
28. Nc1 a5 29. exd6 Kxd6 30. Ra4 Nxd5 0-1

[Event "AUTO-ADV-641"]
[Site "http://www.queenalice.com/game.php?id=268745"]
[Date "2007.9.8"]
[Round "1"]
[White "zmeyko"]
[Black "bragchez"]
[Result "1-0"]
[WhiteElo "1832"]
[BlackElo "1650"]

1. c4 e5 2. Nc3 Bc5 3. e3 Nf6 4. d4 O-O 5. dxc5 e4 6. g3 Nc6 7. Bg2 Re8 8. Nh3
b6 9. cxb6 axb6 10. Nd5 d6 11. Nhf4 Ne5 12. b3 Bg4 13. Ne2 Nf3+ 14. Bxf3 Bxf3
15. Rg1 Ng4 16. h3 Ne5 17. Qc2 c6 18. Ndc3 Qf6 19. Nf4 c5 20. Bb2 Nd3+ 21. Nxd3
exd3 22. Qxd3 Qg5 23. Nd5 Re5 24. Bxe5 dxe5 25. a4 Rd8 26. h4 Qg4 27. Ne7+ Kf8
28. Qxd8# 1-0

[Event "AUTO-ADV-641"]
[Site "http://www.queenalice.com/game.php?id=268746"]
[Date "2007.9.8"]
[Round "1"]
[White "bragchez"]
[Black "zmeyko"]
[Result "0-1"]
[WhiteElo "1650"]
[BlackElo "1823"]

1. e4 d6 2. d4 g6 3. Nf3 Bg7 4. Bc4 a6 5. O-O b5 6. Bb3 Bb7 7. Re1 Nc6 8. Ng5
Nh6 9. Qf3 O-O 10. c3 Na5 11. Bc2 c5 12. dxc5 dxc5 13. Bf4 Nc4 14. b3 Ne5 15.
Qe3 Neg4 16. Qxc5 Rc8 17. Qb4 Qb6 18. h3 Qxf2+ 19. Kh1 Qxe1# 0-1

[Event "AUTO-ADV-641"]
[Site "http://www.queenalice.com/game.php?id=268747"]
[Date "2007.9.8"]
[Round "1"]
[White "zmeyko"]
[Black "cessna82783"]
[Result "0-1"]
[WhiteElo "1859"]
[BlackElo "1645"]

1. d4 d5 2. Nf3 Nf6 3. c4 e6 4. Bg5 Be7 5. Nc3 O-O 6. e3 Nbd7 7. Qc2 c5 8. Rd1
Qa5 9. cxd5 Nxd5 10. Bxe7 Nxe7 11. Bd3 cxd4 12. Nxd4 Qh5 13. Ne4 Ne5 14. Ng3
Nxd3+ 15. Rxd3 Qa5+ 16. Qc3 Qxa2 17. O-O Nd5 18. Qd2 Qa6 19. e4 Nf4 20. Rf3 e5
21. Nge2 Bg4 22. Nxf4 Bxf3 23. Nxf3 exf4 24. Qxf4 Qe2 25. Nd2 Rfd8 26. Nf3 Rd1
0-1

[Event "AUTO-ADV-641"]
[Site "http://www.queenalice.com/game.php?id=268748"]
[Date "2007.9.8"]
[Round "1"]
[White "cessna82783"]
[Black "zmeyko"]
[Result "1-0"]
[WhiteElo "1617"]
[BlackElo "1831"]

1. d4 Nf6 2. Nc3 d5 3. Bg5 Nbd7 4. Nf3 e6 5. e4 h6 6. Bh4 dxe4 7. Nxe4 c5 8.
Nxc5 Nxc5 9. dxc5 Qa5+ 10. Qd2 Qxd2+ 11. Nxd2 g5 12. Bg3 Bxc5 13. Be5 Ke7 14.
Bxf6+ Kxf6 15. Ne4+ Ke7 16. Nxc5 b6 17. Nd3 Bb7 18. O-O-O Rac8 19. h4 g4 20. Rg1
Rc7 21. g3 Rhc8 22. Rd2 f6 23. Nb4 a5 24. Nd3 Bd5 25. a3 Bb3 26. Ne1 Ba2 27. Ba6
Ra8 28. Be2 h5 29. f3 f5 30. fxg4 fxg4 31. Rf1 Rb8 32. Nd3 b5 33. Nf4 e5 34.
Nxh5 Rh8 35. Ng7 Rg8 36. Nf5+ Ke8 37. Bxb5+ 1-0

[Event "Challenge"]
[Site "http://www.queenalice.com/game.php?id=331534"]
[Date "2008.1.6"]
[Round "-"]
[White "Nyvang"]
[Black "zmeyko"]
[Result "0-1"]
[WhiteElo "1794"]
[BlackElo "1846"]

1. d4 Nf6 2. e3 b6 3. Bd2 Bb7 4. h3 e6 5. Nc3 c5 6. Nf3 cxd4 7. Nxd4 g6 8. Qe2
Bg7 9. O-O-O Ba6 10. Ndb5 O-O 11. Qf3 Nc6 12. a3 Ne7 13. g4 Nfd5 14. e4 Nxc3 15.
Bxc3 Bxc3 16. Qxc3 Rc8 17. Qf6 Nc6 18. g5 Qxf6 19. Nd6 Qxg5+ 0-1